| 000 | 00748cam a2200217 4500 | ||
|---|---|---|---|
| 008 | 000000n1999 000 0 eng u | ||
| 020 | _a011322138X | ||
| 035 | _a(Sirsi) u103935 | ||
| 041 | _aeng | ||
| 110 |
_aNHS Estates _92893 |
||
| 245 | _aGuide to the JCT Standard Form of Building Contract 1998 edition local authorities (as amended). | ||
| 260 |
_aLondon _bHMSO _c1999 |
||
| 300 | _a160p ; 30cm. | ||
| 350 | _a0 | ||
| 520 | _aForms part of Concode set of documents and FILED in Concode Volume 1. | ||
| 650 | _aBUILT ENVIRONMENT-BUILDING CONTRACT FORMS | ||
| 650 | _aJCT STANDARD FORM OF BUILDING CONTRACT (1998 EDITION) | ||
| 650 | _aNATIONAL HEALTH SERVICE | ||
| 690 | _aBUILT ENVIRONMENT-BUILDING CONTRACT FORMS | ||
| 942 | _n0 | ||
| 999 |
_c100191 _d100191 |
||